000 00754nam a2200277 i 4500
005 20260322212007.0
008 data
010 _a 77356232
015 _aNe***
040 _aDLC
_cDLC
_dDLC
043 _au-at---
050 0 0 _aQH197
_b.M57
082 0 0 _a500.9/94
092 _a500.9 M57 1976
245 0 4 _aThe Australian outback /
_cedited by Ian Moffitt & Time-Life Books.
260 _aAmsterdam :
_bTime-Life Books,
_cc1976.
300 _a184 p. :
_bcol. ill. ;
_c27 cm.
490 0 _aThe World's wild places
500 _aIncludes index.
504 _aBibliography: p. 180.
650 0 _aNatural history
_zAustralia.
651 0 _aAustralia
_xDescription and travel.
700 1 _aMoffitt, Ian.
710 2 _aTime-Life Books.
001 data
999 _c119
_d119